|
|
|
|
| LEADER |
00000nas a2200000 a 4500 |
| 001 |
ssj0009444 |
| 003 |
WaSeSS |
| 005 |
20200512172242.0 |
| 006 |
m d |
| 007 |
cr n |
| 008 |
951103c19399999mduqx p s 0 a0eng c |
| 010 |
|
|
|a sn 95004253
|
| 022 |
|
|
|a 1085-7931
|l 0065-860X
|y 0065-860X
|
| 035 |
|
|
|a (WaSeSS)ssj0009444
|
| 037 |
|
|
|b Journals Pub. Division, The Johns Hopkins University Press, POB 19966, Baltimore, MD 21211
|c $63.90 (institutions)
|
| 037 |
|
|
|b Project Muse Subscription Coordinator (Email: muse@muse.jhu.edu)
|
| 037 |
|
|
|a 22573/ctt1mrr96h
|b JSTOR
|
| 040 |
|
|
|a NSD
|b eng
|c NSD
|d OCL
|d NSD
|d GUA
|d IUL
|d NSD
|d IUL
|d OCL
|d IUL
|d OCL
|d GUA
|d OCLCQ
|d OCL
|d IUL
|d OCLCQ
|d OCLCO
|d OCLCQ
|d OCLCF
|d OCLCO
|d EUW
|d OCLCO
|d OCLCQ
|d TEF
|d AUD
|d VT2
|d CUI
|d WaSeSS
|
| 042 |
|
|
|a nsdp
|a pcc
|
| 050 |
1 |
4 |
|a BF173.A2
|
| 060 |
0 |
0 |
|a W1
|b AM4351
|
| 082 |
1 |
0 |
|a 150
|2 12
|
| 130 |
0 |
|
|a American imago (Online)
|
| 210 |
0 |
|
|a Am. imago
|b (Online)
|
| 222 |
|
0 |
|a American imago
|b (Online)
|
| 245 |
1 |
0 |
|a American imago
|h [electronic resource].
|
| 260 |
|
|
|a Baltimore, MD :
|b Johns Hopkins University Press
|
| 310 |
|
|
|a Four no. a year
|
| 362 |
1 |
|
|a Print began in Nov. 1939.
|
| 500 |
|
|
|a Title from title screen.
|
| 506 |
|
|
|a License restrictions may limit access.
|
| 588 |
1 |
|
|a Vol. 71, issue 4 (2014) (PEP website, viewed Apr. 10, 2020).
|
| 650 |
|
0 |
|a Psychoanalysis
|v Periodicals.
|
| 650 |
|
0 |
|a Psychoanalysis and culture
|v Periodicals.
|
| 650 |
|
7 |
|a Psychoanalysis.
|2 fast
|0 (OCoLC)fst01081235
|
| 650 |
|
7 |
|a Psychoanalysis and culture.
|2 fast
|0 (OCoLC)fst01081263
|
| 655 |
|
0 |
|a Electronic journals.
|
| 776 |
1 |
|
|t American imago
|x 0065-860X
|w (DLC)a 41002485
|w (OCoLC)1479999
|
| 850 |
|
|
|a GU
|
| 856 |
4 |
0 |
|z Full text available from Research Library: 04/01/1996 to 1 year ago
|u https://search.proquest.com/publication/40970
|